Countries of the Middle East - Statistics

General Stats
  • This quiz has been taken 6,191 times
    4,186 since last reset
  • The average score is 14 of 16
Answer Stats
Country % Correct
Iran
96%
Iraq
96%
Saudi Arabia
94%
Israel
92%
Oman
92%
Yemen
92%
Jordan
91%
Syria
91%
Qatar
89%
United Arab Emirates
89%
Lebanon
87%
Turkey
87%
Kuwait
86%
Egypt
81%
Bahrain
80%
Cyprus
65%
No matching quizzes found
Score Distribution
Percent of People with Each Score
Percentile by Number Answered
Your Score History
You have not taken this quiz since the last reset